Bài tập vật lí 10

Sách gồm hai phần: phần 1 giới thiệu chương trình và sách giáo khoa Vật lí 10. Phần 2 hướng dẫn giảng dạy từng bài, trong mỗi bài điều có mục tiêu, chuẩn bị, thông tin bổ sung, gợi ý về phương pháp và tổ chức hoạt động dạy học, và phâ...

תיאור מלא

שמור ב:
מידע ביבליוגרפי
מחבר ראשי: Lương, Duyên Bình
פורמט: ספר
שפה:Undetermined
יצא לאור: Hà Nội Giáo dục Việt Nam 2016
נושאים:
תגים: הוספת תג
אין תגיות, היה/י הראשונ/ה לתייג את הרשומה!
Thư viện lưu trữ: Trung tâm Học liệu Trường Đại học Cần Thơ
LEADER 01092nam a2200217Ia 4500
001 CTU_216497
008 210402s9999 xx 000 0 und d
020 |c 13700 
082 |a 530.076 
082 |b B312 
100 |a Lương, Duyên Bình 
245 0 |a Bài tập vật lí 10 
245 0 |c Lương Duyên Bình, Nguyễn Xuân Chi (Đồng chủ biên) 
260 |a Hà Nội 
260 |b Giáo dục Việt Nam 
260 |c 2016 
520 |a Sách gồm hai phần: phần 1 giới thiệu chương trình và sách giáo khoa Vật lí 10. Phần 2 hướng dẫn giảng dạy từng bài, trong mỗi bài điều có mục tiêu, chuẩn bị, thông tin bổ sung, gợi ý về phương pháp và tổ chức hoạt động dạy học, và phần trả lời câu hỏi và bài tập. 
650 |a Physics,Vật lí 
650 |x Study and teaching (Secondary),Dạy và học (Trung học) 
904 |i Hải 
980 |a Trung tâm Học liệu Trường Đại học Cần Thơ